Welcome to the Holygrace Academy Library

Please use search bar below to get started

RALPH, S MOUSE (Record no. 5736)

MARC details
000 -LEADER
fixed length control field 00390nam a22001697a 4500
020 ## - INTERNATIONAL STANDARD BOOK NUMBER
ISBN 0-439-14806-5
082 ## - DEWEY DECIMAL CLASSIFICATION NUMBER
Classification number 823
Item number CLE/R
100 ## - MAIN ENTRY--AUTHOR NAME
Personal name CLEARY, BEVERLY
245 ## - TITLE STATEMENT
Title RALPH, S MOUSE
246 ## - VARYING FORM OF TITLE
Title proper/short title RAMONA AND HER FATHER
246 ## - VARYING FORM OF TITLE
Title proper/short title RAMONA QUIMBY, AGE 8
260 ## - PUBLICATION, DISTRIBUTION, ETC. (IMPRINT)
Place of publication USA
Name of publisher SCHOLASTIC INC
Year of publication 1998
300 ## - PHYSICAL DESCRIPTION
Number of Pages 185
520 ## - SUMMARY, ETC.
Summary, etc ENGLISH STORY
650 ## - SUBJECT ADDED ENTRY--TOPICAL TERM
Topical Term ENGLISH STORY
942 ## - ADDED ENTRY ELEMENTS (KOHA)
Koha item type Books
Holdings
Withdrawn status Lost status Collection code Home library Current library Shelving location Date acquired Source of acquisition Cost, normal purchase price Full call number Accession Number Koha item type
    Fiction Main Library Main Library SHELF 15-I-CHILDREN'S STORYBOOKS 14/06/2010 Purchase 40.00 823 CLE/R 05458 Books
    Fiction Main Library Main Library SHELF 15-I-CHILDREN'S STORYBOOKS 25/10/2019 Purchase   823 CLE/R 11767 Books
    Fiction Main Library Main Library SHELF 15-I-CHILDREN'S STORYBOOKS 18/07/2019 Purchase   823 CLE/R 11360 Books